| 000 | 00865 asaa2200241 4500 | ||
|---|---|---|---|
| 005 | 20151113150738.0 | ||
| 008 | 950407c19949999ck qr p r 0 0a0spa d | ||
| 022 | _a01220985 | ||
| 040 |
_aCO-BoBLA _cCO-BoBLA _dCO-BoIAVH |
||
| 041 | 0 | _aspa | |
| 044 | _ack | ||
| 090 | _aSE | ||
| 245 | 1 | 0 |
_aSemillas en la economía campesina / _cPrograma Semillas. |
| 260 |
_bPrograma semillas _aColombia _c1994-. |
||
| 300 |
_bilustraciones ; _c27 cm. |
||
| 321 | _az | ||
| 650 | 4 |
_aConservación de los recursos naturales _v Publicaciones seriadas. _z Colombia |
|
| 650 | 4 |
_aPolítica ambiental _v Publicaciones seriadas. _z Colombia |
|
| 650 | 4 |
_aConservación de la naturaleza _v Publicaciones seriadas. _z Colombia |
|
| 651 | 4 |
_aBogotá (Colombia) _v Publicaciones seriadas. |
|
| 710 | _aPrograma Semillas : | ||
| 942 |
_cREVISTA _2z _s1 |
||
| 999 |
_c17114 _d17114 |
||